Statistiche per Top 15 dei paesi con decessi Covid-19 - 14 maggio

Clicka qui per fare il quiz!

Statistiche generali

  • Questo quiz è stato fatto 2 volte
  • Il punteggio medio è 9 su 21

Statistiche sulle risposte

nazione% Corretto
Stati Uniti
100%
Belgio
50%
Brasile
50%
Canada
50%
Cina
50%
Danimarca
50%
Francia
50%
Germania
50%
Irlanda
50%
Italia
50%
Paesi Bassi
50%
Portogallo
50%
Regno Unito
50%
Spagna
50%
Svezia
50%
Svezia
50%
Ecuador
0%
Iran
0%
Messico
0%
Svizzera
0%
Turchia
0%

Distribuzione punteggi

Percentile per numero di risposta

Percentuale di utenti per punteggio

I tuoi punteggi nel tempo

Non hai fatto questo quiz